| 000 | 00608nam a22001817a 4500 | ||
|---|---|---|---|
| 005 | 20240613101450.0 | ||
| 008 | 221203b ||||| |||| 00| 0 eng d | ||
| 040 | _cAL | ||
| 041 | _aHindi | ||
| 082 |
_223 _aH891.1 _bMISA |
||
| 100 |
_aShiv kumar mishra _9170363 |
||
| 100 |
_9170362 _dशिवकुमार मिश्रा |
||
| 245 |
_aAzadi ki agnishikaye _b आज़ादी की अग्निशिखाएँ |
||
| 260 |
_aNew Delhi _bIndian Formers Fertilizer Cooperative Limited _c1998 |
||
| 300 |
_a298 p. _bHB _c25x19 cm. |
||
| 700 |
_aMISHRA (Shiv Kumar) _964683 |
||
| 942 |
_2ddc _cGF |
||
| 999 |
_c225424 _d225424 |
||